|
|
|
|
| LEADER |
00000cas a22000002a 4500 |
| 001 |
vtls001381396 |
| 003 |
SK-MaSNL |
| 005 |
20260228160146.0 |
| 008 |
000121d19181942xo ar 0 0b0slo |
| 040 |
|
|
|a SNK
|b slo
|c SNK
|e AACR2
|
| 041 |
0 |
|
|a slo
|
| 043 |
|
|
|a e-xo---
|
| 044 |
|
|
|a xo
|c SK
|
| 072 |
|
7 |
|a 373.5/.6
|x Stredné školy
|2 konspekt
|
| 080 |
|
|
|a 373.5
|2 2011
|
| 080 |
|
|
|a (437.612)
|2 2011
|
| 080 |
|
|
|a (047.1)
|2 2011
|
| 110 |
2 |
|
|a Československé štátne reálne gymnáziium Jána Hollého (Trnava, Slovensko)
|9 266053
|
| 245 |
1 |
0 |
|a Výročná zpráva za školský rok ...
|c Československé štátne reálne gymnáziium Jána Hollého v Trnave
|
| 246 |
1 |
3 |
|a Výročná zpráva Československého štátneho reálneho gymnázia Jána Hollého v Trnave za školský rok ...
|
| 246 |
1 |
3 |
|a Výročná správa Československého štátneho reálneho gymnázia Jána Hollého v Trnave za školský rok ...
|
| 246 |
1 |
3 |
|a Ročná zpráva Československého štátneho reálneho gymnázia Jána Hollého v Trnave
|f 1931/32-1937/38
|
| 246 |
1 |
3 |
|a Ročná zpráva Štátneho slovenského reálneho gymnázia Jána Hollého v Trnave
|f 1938/39
|
| 246 |
1 |
3 |
|a Ročná zpráva Štátneho slovenského gymnázia v Trnave
|f 1939/40
|
| 246 |
1 |
3 |
|a Výročná zpráva Štátneho slovenského gymnázia v Trnave
|f 1940/41-1941/42
|
| 260 |
|
|
|a Trnava
|b Kníhtlačiareň G. a E. Bežo
|c 1919-1942
|
| 260 |
|
|
|3 1923, 1925, 1927, 1929-1930, 1935, 1937, 1938
|a Trnava
|b Kníhtlačiareň František Urbánek a spol.
|
| 300 |
|
|
|a zv.
|c 22 cm
|
| 310 |
|
|
|a 1x ročne
|
| 362 |
0 |
|
|a 1 (1918/1919)-24 (1941/42)
|
| 500 |
|
|
|a Na začiatku názvu sa uvídza poradové číslo
|
| 650 |
0 |
7 |
|a gymnáziá
|2 SNKPH
|9 16386
|
| 651 |
|
7 |
|a Trnava (Slovensko)
|2 SNKPHgeo
|9 19407
|
| 655 |
|
7 |
|a výročné správy
|2 SNKPH
|9 70580
|
| 910 |
|
|
|a snk
|
| 999 |
|
|
|c 1745
|d 3675
|
| 952 |
|
|
|0 0
|1 0
|4 0
|7 0
|a SNK
|b SNK
|d 2000-01-21
|l 0
|o snkČSC 1824/4/1922
|p 17A0070092
|r 2005-01-02 00:00:00
|w 2026-02-21
|y PREZ
|
| 952 |
|
|
|0 0
|1 0
|4 0
|7 0
|8 5
|a SNK
|b SNK
|d 2000-01-21
|i snkF 2660/84
|l 0
|o snkČSC 1824/3/1921 D1
|p 17A0225054
|r 2005-01-02 00:00:00
|w 2026-02-21
|y PREZ
|
| 952 |
|
|
|0 0
|1 0
|4 0
|7 0
|a SNK
|b SNK
|d 2000-01-21
|l 0
|o snkČSC 1824/3/1921
|p 17A0070095
|r 2005-01-02 00:00:00
|w 2026-02-21
|y PREZ
|
| 952 |
|
|
|0 0
|1 0
|4 0
|7 0
|a SNK
|b SNK
|d 2002-09-18
|l 0
|o snkČSC 1824/1946-47
|p 17A0355746
|r 2005-01-02 00:00:00
|w 2026-02-21
|y PREZ
|
| 952 |
|
|
|0 0
|1 0
|4 0
|7 0
|a SNK
|b SNK
|d 2002-09-18
|l 0
|o snkČSC 1824/1947-48
|p 17A0355748
|r 2005-01-02 00:00:00
|w 2026-02-21
|y PREZ
|
| 952 |
|
|
|0 0
|1 0
|4 0
|7 0
|a SNK
|b SNK
|d 2002-09-18
|l 0
|o snkČSC 1824/1949-50
|p 17A0355780
|r 2005-01-02 00:00:00
|w 2026-02-21
|y PREZ
|
| 952 |
|
|
|0 0
|1 0
|4 0
|7 0
|a SNK
|b SNK
|d 2000-01-21
|l 0
|o snkČSC 1824/1/1918-19
|p 17A0133316
|r 2005-01-02 00:00:00
|w 2026-02-21
|y PREZ
|
| 952 |
|
|
|0 0
|1 0
|4 0
|7 0
|a SNK
|b SNK
|d 2000-01-21
|l 0
|o snkČSC 1824/5/1922-23
|p 17A0133317
|r 2005-01-02 00:00:00
|w 2026-02-21
|y PREZ
|
| 952 |
|
|
|0 0
|1 0
|4 0
|7 0
|a SNK
|b SNK
|d 2000-01-21
|l 0
|o snkČSC 1824/6/1923-24
|p 17A0133315
|r 2005-01-02 00:00:00
|w 2026-02-21
|y PREZ
|
| 952 |
|
|
|0 0
|1 0
|4 0
|7 0
|a SNK
|b SNK
|d 2000-01-21
|l 0
|o snkČSC 1824/7/1924-25
|p 17A0070093
|r 2005-01-02 00:00:00
|w 2026-02-21
|y PREZ
|
| 952 |
|
|
|0 0
|1 0
|4 0
|7 0
|a SNK
|b SNK
|d 2000-01-21
|l 0
|o snkČSC 1824/8/1925-26
|p 17A0070094
|r 2005-01-02 00:00:00
|w 2026-02-21
|y PREZ
|
| 952 |
|
|
|0 0
|1 0
|4 0
|7 0
|a SNK
|b SNK
|d 2000-01-22
|l 0
|o snkČSC 1824/11/1928-29
|p 17A0133326
|r 2005-01-02 00:00:00
|w 2026-02-21
|y PREZ
|
| 952 |
|
|
|0 0
|1 0
|4 0
|7 0
|a SNK
|b SNK
|d 2000-01-22
|l 0
|o snkČSC 1824/12/1929-30
|p 17A0133325
|r 2005-01-02 00:00:00
|w 2026-02-21
|y PREZ
|
| 952 |
|
|
|0 0
|1 0
|4 0
|7 0
|a SNK
|b SNK
|d 2000-01-22
|l 0
|o snkČSC 1824/13/1930-31
|p 17A0133318
|r 2005-01-02 00:00:00
|w 2026-02-21
|y PREZ
|
| 952 |
|
|
|0 0
|1 0
|4 0
|7 0
|a SNK
|b SNK
|d 2000-01-22
|l 0
|o snkČSC 1824/14/1931-32
|p 17A0133319
|r 2005-01-02 00:00:00
|w 2026-02-21
|y PREZ
|
| 952 |
|
|
|0 0
|1 0
|4 0
|7 0
|a SNK
|b SNK
|d 2000-01-22
|l 0
|o snkČSC 1824/19/1936-37
|p 17A0133321
|r 2005-01-02 00:00:00
|w 2026-02-21
|y PREZ
|
| 952 |
|
|
|0 0
|1 0
|4 0
|7 0
|a SNK
|b SNK
|d 2000-01-22
|l 0
|o snkČSC 1824/9/1926-27
|p 17A0133327
|r 2005-01-02 00:00:00
|w 2026-02-21
|y PREZ
|
| 952 |
|
|
|0 0
|1 0
|4 0
|7 0
|a SNK
|b SNK
|d 2000-01-22
|l 0
|o snkČSC 1824/18/1935-36
|p 17A0133322
|r 2005-01-02 00:00:00
|w 2026-02-21
|y PREZ
|
| 952 |
|
|
|0 0
|1 0
|4 0
|7 0
|a SNK
|b SNK
|d 2000-01-22
|l 0
|o snkČSC 1824/17/1934-35
|p 17A0133323
|r 2005-01-02 00:00:00
|w 2026-02-21
|y PREZ
|
| 952 |
|
|
|0 0
|1 0
|4 0
|7 0
|a SNK
|b SNK
|d 2000-01-22
|l 0
|o snkČSC 1324/16/1933-34
|p 17A0133324
|r 2005-01-02 00:00:00
|w 2026-02-21
|y PREZ
|
| 952 |
|
|
|0 0
|1 0
|4 0
|7 0
|a SNK
|b SNK
|d 2000-01-22
|l 0
|o snkČSC 1824/10/1927-28
|p 17A0133310
|r 2005-01-02 00:00:00
|w 2026-02-21
|y PREZ
|
| 952 |
|
|
|0 0
|1 0
|4 0
|7 0
|8 1
|a SNK
|b SNK
|d 2021-09-27
|i snkD 982/78
|l 0
|o snkČSC 1824/1/1918-1919 D1
|p 17A1348104
|r 2026-02-21 19:53:23
|w 2026-02-21
|y PREZ
|
| 952 |
|
|
|0 0
|1 0
|4 0
|7 0
|8 1
|a SNK
|b SNK
|d 2011-05-17
|i snkD 383/82
|l 0
|o snkČSC 1824/15/1932-33 D1
|p 17A0699770
|r 2026-02-21 19:57:14
|w 2026-02-21
|y PREZ
|
| 952 |
|
|
|0 0
|1 0
|4 0
|7 0
|8 1
|a SNK
|b SNK
|d 2011-05-17
|i snkD 384/82
|l 0
|o snkČSC 1824/16/1933-34 D1
|p 17A0699769
|r 2026-02-21 19:57:14
|w 2026-02-21
|y PREZ
|
| 952 |
|
|
|0 0
|1 0
|4 0
|7 0
|8 1
|a SNK
|b SNK
|d 2011-05-17
|i snkD 979/83
|l 0
|o snkČSC 1824/13/1930-31 D1
|p 17A0699723
|r 2026-02-21 19:57:15
|w 2026-02-21
|y PREZ
|
| 952 |
|
|
|0 0
|1 0
|4 0
|7 0
|8 5
|a SNK
|b SNK
|d 2011-05-17
|i snkF 2514/82
|l 0
|o snkČSC 1824/12/1929-30 D1
|p 17A0699724
|r 2026-02-21 19:57:15
|w 2026-02-21
|y PREZ
|
| 952 |
|
|
|0 0
|1 0
|4 0
|7 0
|8 5
|a SNK
|b SNK
|d 2011-05-17
|i snkF 2513/82
|l 0
|o snkČSC 1824/11/1928-29 D1
|p 17A0699639
|r 2026-02-21 19:57:15
|w 2026-02-21
|y PREZ
|
| 952 |
|
|
|0 0
|1 0
|4 0
|7 0
|8 3
|a SNK
|b SNK
|d 2011-05-17
|i snkK 1388/78
|l 0
|o snkČSC 1824/10/1927-28 D1
|p 17A0699640
|r 2026-02-21 19:57:15
|w 2026-02-21
|y PREZ
|
| 952 |
|
|
|0 0
|1 0
|4 0
|7 0
|8 5
|a SNK
|b SNK
|d 2000-01-21
|i snkF 3143/83
|l 0
|o snkČSC 1824/4/1922 D1
|p 17A0225069
|r 2005-01-02 00:00:00
|w 2026-02-21
|y PREZ
|
| 952 |
|
|
|0 0
|1 0
|4 0
|7 0
|8 5
|a SNK
|b SNK
|d 2011-05-17
|i snkF 1652/84
|l 0
|o snkČSC 1824/14/1931-32 D1
|p 17A0699771
|r 2026-02-21 20:09:02
|w 2026-02-21
|y PREZ
|
| 952 |
|
|
|0 0
|1 0
|4 0
|7 0
|a SNK
|b SNK
|d 2000-01-21
|l 0
|o snkČSC 1824/21/1938-39
|p 17A0070096
|r 2005-01-02 00:00:00
|w 2026-02-21
|y PREZ
|
| 952 |
|
|
|0 0
|1 0
|4 0
|7 0
|8 3
|a SNK
|b SNK
|d 2012-04-12
|i snkK 1389/78
|l 0
|o snkČSC 1824/20/1937-38 D1
|p 17A0887044
|r 2026-02-21 20:30:04
|w 2026-02-21
|y PREZ
|
| 952 |
|
|
|0 0
|1 0
|4 0
|7 0
|8 5
|a SNK
|b SNK
|d 2012-04-12
|i snkF 2701/75
|l 0
|o snkČSC 1824/22/1939-40 D1
|p 17A0887043
|r 2026-02-21 20:30:04
|w 2026-02-21
|y PREZ
|
| 952 |
|
|
|0 0
|1 0
|4 0
|7 0
|8 5
|a SNK
|b SNK
|d 2012-04-12
|i snkF 2515/82
|l 0
|o snkČSC 1824/23/1940-41 D1
|p 17A0887042
|r 2026-02-21 20:30:04
|w 2026-02-21
|y PREZ
|
| 952 |
|
|
|0 0
|1 0
|4 0
|7 0
|8 5
|a SNK
|b SNK
|d 2012-04-12
|i snkF 2702/75
|l 0
|o snkČSC 1824/1944-1945 D1
|p 17A0887308
|r 2026-02-21 20:30:06
|w 2026-02-21
|y PREZ
|
| 952 |
|
|
|0 0
|1 0
|4 0
|7 0
|8 5
|a SNK
|b SNK
|d 2012-04-12
|i snkF 2703/75
|l 0
|o snkČSC 1824/1946-47 D1
|p 17A0887307
|r 2026-02-21 20:30:06
|w 2026-02-21
|y PREZ
|
| 952 |
|
|
|0 0
|1 0
|4 0
|7 0
|8 5
|a SNK
|b SNK
|d 2012-01-21
|i snkF 3144/83
|l 0
|o snkČSC 1824/5/1922-23 D1
|p 17A7633395
|r 2026-02-21 20:40:13
|w 2026-02-21
|y PREZ
|
| 952 |
|
|
|0 0
|1 0
|4 0
|7 0
|8 1
|a SNK
|b SNK
|d 2012-01-21
|i snkD 553/82
|l 0
|o snkČSC 1824/6/1923-24 D1
|p 17A7633602
|r 2026-02-21 20:40:13
|w 2026-02-21
|y PREZ
|
| 952 |
|
|
|0 0
|1 0
|4 0
|7 0
|8 1
|a SNK
|b SNK
|d 2012-01-21
|i snkD 554/82
|l 0
|o snkČSC 1824/7/1924-25 D1
|p 17A7633396
|r 2026-02-21 20:40:13
|w 2026-02-21
|y PREZ
|
| 952 |
|
|
|0 0
|1 0
|4 0
|7 0
|8 5
|a SNK
|b SNK
|d 2012-01-21
|i snkF 1663/82
|l 0
|o snkČSC 1824/9/1926-27 D1
|p 17A7633603
|r 2026-02-21 20:40:13
|w 2026-02-21
|y PREZ
|
| 952 |
|
|
|0 0
|1 0
|4 0
|7 0
|a SNK
|b SNK
|d 2002-09-18
|l 0
|o snkČSC 1824/1944-45
|p 17A0355779
|r 2005-01-02 00:00:00
|w 2026-02-21
|y PREZ
|
| 952 |
|
|
|0 0
|1 0
|4 0
|7 0
|a SNK
|b SNK
|d 2000-01-22
|l 0
|o snkČSC 1824/15/1932-33
|p 17A0133320
|r 2005-01-02 00:00:00
|w 2026-02-21
|y PREZ
|